000 00326nam a2200133Ia 4500
008 240624s9999 xx 000 0 und d
041 _aeng
082 _a891.46 KIN
100 _aKINIKAR ROY
245 _aMANUSH AANI SAHITYA
260 _c2008
_aPune
_bDiamond Publication
300 _a346 : p. : cm. ; 21
365 _cRS
_b20
999 _c11733
_d11733